000 01160nam a22002777a 4500
999 _c111885
_d111885
003 dpl
005 20190220121755.0
008 190129b ||||| |||| 00| 0 eng d
010 _aA-703056
020 _c75.00
_a8173150907
035 _aA-703056, A-756711, A-703067
037 _bCen Lib/Ret
040 _aDPL
_bHN
_c0
082 _a820.8
_bविजये
100 _aविजयेन्द्र स्नातक
_95721
245 _aसनास्कृति एवं साहित्य के प्रहरी /
_cविजयेन्द्र स्नातक
246 _asanaskriti evam sahitya ke prahari /
_bby Vijayendra Snatak
260 _aदिल्ली
_bप्रभात प्रकाशन
_c1994
270 _aचवरी बजार
_bदिल्ली
_e110006
300 _a110पृ.
_c19सेमी (सजिल्द)
650 _aहिन्दी साहित्य
_944904
650 _aभारतीय संस्कृति
_944905
650 _aHindi literature
_944906
650 _aIndian Culture
_93853
942 _2ddc
_cHN
_h820.8
_mविजये